000 00598nam a22002052 4500
001 0000019072
005 20151217152144.0
008 100907s xx 000 0 eng d
020 _a1587430992 :
040 _aKABU
_cKABU
100 1 _aRadner, Ephraim.
_@0000178672
245 1 0 _aLeviticus /
_cEphraim Radner.
250 _a1st ed.
260 _aGrand Rapids, Michigan :
_bBrazos Press,
_c2008.
300 _a320 p.
630 0 0 _aBible.
_pO.T.
_pLeviticus.
_xCommentaries.
_@0000159902
852 1 _9p500 KES
908 _a100907
950 _@1
999 _c8800
_d8800